[Event "Rohde op 10th"]
[Site "Sautron"]
[Date "2010.10.26"]
[Round "5"]
[White "Rhetiere, Jacques"]
[Black "Gayon, Benoit"]
[Result "0-1"]
[WhiteElo "1585"]
[BlackElo "1956"]
[PlyCount "26"]
[EventDate "2010.10.23"]
[EventType "swiss"]
[EventRounds "9"]
[EventCountry "FRA"]
[SourceTitle "EXT 2012"]
[Source "ChessBase"]
[SourceDate "2011.11.24"]
[SourceVersion "1"]
[SourceVersionDate "2011.11.24"]
[SourceQuality "1"]

1. d4 Nf6 2. c4 c5 3. Nf3 cxd4 4. Nxd4 e5 5. Nf3 Nc6 6. Bg5 Be7 7. Nc3 0-0 8. Bxf6 Bxf6 9. Nd5 e4 10. Nxf6+ Qxf6 11. Nd2 e3 12. Nf3 Qxb2 13. fxe3 Qc3+ 0-1

[Event "Rohde op 09th"]
[Site "Sautron"]
[Date "2009.10.29"]
[Round "7"]
[White "Letessier, Damien"]
[Black "Rhetiere, Jacques"]
[Result "0-1"]
[WhiteElo "1852"]
[BlackElo "1585"]
[PlyCount "72"]
[EventDate "2009.10.24"]
[EventType "swiss"]
[EventRounds "9"]
[EventCountry "FRA"]
[SourceTitle "EXT 2010"]
[Source "ChessBase"]
[SourceDate "2010.11.25"]
[SourceVersion "1"]
[SourceVersionDate "2010.11.25"]
[SourceQuality "1"]

1. c4 Nf6 2. g3 e6 3. Bg2 Be7 4. Nc3 0-0 5. Nf3 d6 6. d4 Nbd7 7. 0-0 c6 8. Bf4 Nb6 9. Qd3 Nbd7 10. Rad1 Re8 11. e4 c5 12. e5 Nh5 13. Be3 cxd4 14. Qxd4 dxe5 15. Nxe5 Bc5 16. Qxc5 Nxc5 17. Rxd8 Rxd8 18. Bxc5 f6 19. Ng4 Rb8 20. Bxa7 Ra8 21. Bb6 Rd2 22. Rd1 Rxb2 23. Rd8+ Kf7 24. c5 Rc2 25. Nd1 Rcxa2 26. Bxb7 Bxb7 27. Rd7+ Kg6 28. Rxb7 Ra1 29. Nge3 Rc8 30. Kg2 f5 31. Kf3 e5 32. Ke2 f4 33. Nd5 f3+ 34. Ke1 Rca8 35. c6 R8a2 36. c7 Re2+ 0-1